| 000 | 01258cam a22003254a 4500 | ||
|---|---|---|---|
| 001 | 13517412 | ||
| 003 | ARRUPE | ||
| 005 | 20141104120804.0 | ||
| 008 | 040310s2004 mnu b 001 0 eng | ||
| 010 | _a 2004103786 | ||
| 020 | _a0814651208 (pbk.) | ||
| 035 | _a(DLC) 2004103786 | ||
| 040 |
_aDLC _cDLC _dDLC |
||
| 042 | _apcc | ||
| 050 | 0 | 0 |
_aBS2485 _b.H43 2004 |
| 082 | 0 | 0 |
_a226/.092 _222 |
| 100 | 1 |
_aHearon, Holly E. _97225 |
|
| 245 | 1 | 4 |
_aThe Mary Magdalene tradition : _bwitness and counter-witness in early Christian communities / _cHolly E. Hearon. |
| 260 |
_aCollegeville , Minn. : _bLiturgical Press, _cc2004. |
||
| 300 |
_axi, 236 p. ; _c23 cm. |
||
| 500 | _a"A Michael Glazier book." | ||
| 500 | _aRevision of thesis (doctoral)--Graduate Theological Union, 1998. | ||
| 504 | _aIncludes bibliographical references and index. | ||
| 600 | 0 | 0 |
_aMary Magdalene, _cSaint. _912380 |
| 630 | 0 | 0 |
_aBible. _pGospels _xSocio-rhetorical criticism. _912381 |
| 650 | 0 |
_aStorytelling _xReligious aspects _xChristianity. _91743 |
|
| 906 |
_a7 _bcbc _corignew _d2 _eepcn _f20 _gy-gencatlg |
||
| 942 |
_2lcc _cMONOGRAPH |
||
| 999 |
_c121173 _d121173 |
||